书目信息 |
| 题名: |
化工百科全书
|
|
| 作者: | 《化工百科全书》编辑委员会 编 | |
| 分册: | 第十卷 空气调节-氯代醇 | |
| 出版信息: | 北京 化学工业出版社 1996 |
|
| 页数: | 1039页 | |
| 开本: | 16开 | |
| 丛书名: | ||
| 单 册: | ||
| 中图分类: | TQ-61 | |
| 科图分类: | ||
| 主题词: | 化学工业 | |
| 电子资源: | ||
| ISBN: | 7-5025-0847-3 | |
| 000 | 00710nam0 2200205 45 | |
| 001 | 0110151524 | |
| 005 | 20031219104051.1 | |
| 010 | @a7-5025-0847-3@b精装@dCNY108.00 | |
| 100 | @a20011015d1996 km y0chiy0120 ea | |
| 101 | 0 | @achi |
| 105 | @a z 000yy | |
| 200 | 1 | @a化工百科全书@h第十卷@i空气调节-氯代醇@AHua Gong Bai Ke Quan Shu@f《化工百科全书》编辑委员会等编@F《Hua Gong Bai Ke Quan Shu》Bian Ji Wei Yuan Hui Deng Bian |
| 210 | @a北京@c化学工业出版社@d1996 | |
| 215 | @a1039页@d16开 | |
| 517 | @a空气调节-氯代醇@AKong Qi Diao Jie-Lu Dai Chun | |
| 606 | 0 | @a化学工业 |
| 690 | @aTQ-61@v3 | |
| 701 | @a《化工百科全书》编辑委员会@4编 | |
| 801 | @aCN@bTSTC@c20011015 | |
| 905 | @f5@b299460-464@dTQ-61@e17:10 | |
| 化工百科全书.第十卷.空气调节-氯代醇/《化工百科全书》编辑委员会等编.-北京:化学工业出版社,1996 |
| 1039页;16开 |
| ISBN 7-5025-0847-3(精装):CNY108.00 |
| ● |
| 相关链接 |
|
|
|
|
正题名:化工百科全书
索取号:TQ-61/17:10
 
预约/预借
| 序号 | 登录号 | 条形码 | 馆藏地/架位号 | 状态 | 备注 |
| 1 | 0299460 | 202994607 | 密集书库/ [索取号:TQ-61/17:10] | 在馆 | |
| 2 | 0299461 | 202994616 | 工具书阅览室/ [索取号:TQ-61/17:10] | 在馆 | |
| 3 | 0299462 | 202994625 | 密集书库/ [索取号:TQ-61/17:10] | 在馆 | |
| 4 | 0299463 | 202994634 | 密集书库/ [索取号:TQ-61/17:10] | 在馆 | |
| 5 | 0299464 | 202994643 | 第二样本阅览室/ [索取号:TQ-61/17:10] | 在馆 |